| 000 | 00908nam a2200277 a 4500 | ||
|---|---|---|---|
| 001 | 000041056 | ||
| 003 | DO-SdBNP | ||
| 005 | 20240902125912.0 | ||
| 007 | 000041056 | ||
| 008 | 130916s2007 sp a 000 p spa d | ||
| 020 | _a9788447709793 | ||
| 040 |
_aBPMSU _bspa _cBPMSU |
||
| 082 | 4 |
_aRD861.44 _bO77t 2007 _222 |
|
| 100 | 1 | _aOrtiz de Machuca, Teresa | |
| 245 | 1 | 0 |
_aTemblor del árbol / _cTeresa Ortiz de Machuca; prólogo de Ángeles Cardona. |
| 260 |
_aBarcelona : _bPromociones y Publicaciones Universitarias, _c2007. |
||
| 300 |
_a120 p. : _bil. ; _c21 cm. |
||
| 490 | 0 | _aPoesía hispánica | |
| 500 | _aIncluye datos biográficos del autor en la solapa de la contracubierta. | ||
| 590 | _aInventariado, 2024/VM | ||
| 650 | 4 | _aPoesía dominicana | |
| 650 | 4 | _aLiteratura dominicana | |
| 700 | 1 |
_aCardona, Ángeles, _eprólogo |
|
| 910 | _aVMateo V. Control de calidad. BPMSU | ||
| 942 |
_2ddc _cBK |
||
| 999 |
_c7926 _d7926 |
||